NBA Playoff Scoring Leaders Per Season Since 2000 - Statistics

General Stats
  • This quiz has been taken 398 times
    259 since last reset
  • The average score is 15 of 16
Answer Stats
Year Leader % Correct
2025 Shai Gilgeous-Alexander
100%
2007, 2012, 2013, 2015, 2017, 2018 LeBron James
99%
2023 Nikola Jokić
96%
2021 Giannis Antetokounmpo
94%
2004, 2008, 2009, 2010 Kobe Bryant
94%
2019 Kawhi Leonard
93%
2014 Kevin Durant
93%
2000, 2002 Shaquille O'Neal
93%
2022 Jayson Tatum
92%
2011 Dirk Nowitzki
91%
2024 Luka Dončić
90%
2003, 2005 Tim Duncan
90%
2020 Anthony Davis
89%
2006 Dwyane Wade
88%
2001 Allen Iverson
84%
2016 Klay Thompson
78%
No matching quizzes found
Score Distribution
Percent of People with Each Score
Percentile by Number Answered
Your Score History
You have not taken this quiz since the last reset